Stroke treatment and prevention: an evidence-based approach (Record no. 32765)

MARC details
000 -LEADER
fixed length control field 00791nam a2200193 a 4500
008 - FIXED-LENGTH DATA ELEMENTS--GENERAL INFORMATION
fixed length control field 120222s2005 ||||||||||||||||| || u
020 ## - INTERNATIONAL STANDARD BOOK NUMBER
International Standard Book Number 9780521101684
050 ## - LIBRARY OF CONGRESS CALL NUMBER
Classification number RC 388.5 Han
100 ## - MAIN ENTRY--PERSONAL NAME
Personal name Hankey, Graeme J
245 10 - TITLE STATEMENT
Title Stroke treatment and prevention: an evidence-based approach
Statement of responsibility, etc. Graeme J. Hankey
260 ## - PUBLICATION, DISTRIBUTION, ETC.
Place of publication, distribution, etc. Cambridge
Name of publisher, distributor, etc. Cambridge University Press
Date of publication, distribution, etc. 2005
300 ## - PHYSICAL DESCRIPTION
Extent x, 525p.: ill.
350 ## -
-- 0.00
500 ## - GENERAL NOTE
General note Bibliography
650 ## - SUBJECT ADDED ENTRY--TOPICAL TERM
Topical term or geographic name entry element CEREBROVASCULAR DISEASE--TREATMENT
650 ## - SUBJECT ADDED ENTRY--TOPICAL TERM
Topical term or geographic name entry element CEREBROVASCULAR DISEASE--PREVENTION
650 ## - SUBJECT ADDED ENTRY--TOPICAL TERM
Topical term or geographic name entry element CEREBROVASCULAR ACCIDENT--PREVENTION AND CONTROL
995 ## -
-- MEDICAL LIBRARY OPEN ACCESS
-- 901624
-- CBU-SCHOOL OF MEDICINE LIBRARY (Ndola)
-- 0.00
-- RC 388.5 Han
-- 1
-- AVAILABLE
-- Jul 12, 2012
-- 901624
-- Medical Library Open Access Collection
999 ## -
-- 32765
-- 32765
Holdings
Withdrawn status Lost status Source of classification or shelving scheme Damaged status Not for loan Permanent Location Current Location Shelving location Date acquired Total Checkouts Full call number Barcode Date last seen Price effective from Koha item type
          CBU-SCHOOL OF MEDICINE LIBRARY, NDOLA. CBU-SCHOOL OF MEDICINE LIBRARY, NDOLA.   11/30/2022   RC 388.5 Han 901624 11/30/2022 11/30/2022 MONOGRAPH